<?xml version="1.0" encoding="UTF-8"?>
<record
    xmlns:xsi="http://www.w3.org/2001/XMLSchema-instance"
    xsi:schemaLocation="http://www.loc.gov/MARC21/slim http://www.loc.gov/standards/marcxml/schema/MARC21slim.xsd"
    xmlns="http://www.loc.gov/MARC21/slim">

  <leader>01757cam a2200253Ia 4500</leader>
  <datafield tag="020" ind1=" " ind2=" ">
    <subfield code="a">9251050473 (pbk.)</subfield>
  </datafield>
  <datafield tag="040" ind1=" " ind2=" ">
    <subfield code="c">FQG</subfield>
  </datafield>
  <datafield tag="082" ind1=" " ind2=" ">
    <subfield code="a">639 FOO 2004 A056 Or.</subfield>
  </datafield>
  <datafield tag="245" ind1="1" ind2="0">
    <subfield code="a">Fisheries in irrigation systems of arid Asia /</subfield>
  </datafield>
  <datafield tag="260" ind1=" " ind2=" ">
    <subfield code="a">Rome :</subfield>
    <subfield code="b">Food and Agriculture Organization of the United Nations,</subfield>
    <subfield code="c">2004</subfield>
  </datafield>
  <datafield tag="300" ind1=" " ind2=" ">
    <subfield code="a">ix, 150 p. :</subfield>
    <subfield code="b">ill., maps ;</subfield>
    <subfield code="c">30 cm</subfield>
  </datafield>
  <datafield tag="490" ind1="1" ind2=" ">
    <subfield code="a">FAO fisheries technical paper,</subfield>
  </datafield>
  <datafield tag="500" ind1=" " ind2=" ">
    <subfield code="a">"Twelve papers presented at the FAO Expert Consultation on the Use of Irrigation Systems for Sustainable Fish Production in Arid Countries of Asia, Almaty, Kazakhstan, 25-29 September 2001"--P. iii</subfield>
  </datafield>
  <datafield tag="500" ind1=" " ind2=" ">
    <subfield code="a">"A companion to the Report of the FAO Expert Consultation on the Use of Irrigation Systems for Sustainable Fish Production in Arid Countries of Asia (FAO fisheries report no. 679)"--P. [4] of cover</subfield>
  </datafield>
  <datafield tag="500" ind1=" " ind2=" ">
    <subfield code="a">'tc/M/y5082e/1/12.03/2300"--p. [4] OF Cover</subfield>
  </datafield>
  <datafield tag="520" ind1=" " ind2=" ">
    <subfield code="a">The papers review the present use of irrigation systems for fisheries in the countries of the arid belt of Asia, from Turkey to China. They deal with the following countries and areas: Xinjiang Uygur Autonomous Region (China), India, the Islamic Republic of Iran, Kazakhstan, Kyrgyzstan, Mongolia, Pakistan, Turkey and Uzbekistan. While some countries in the arid belt are well advanced in the field of fish production from waterbodies of irrigation systems, others are experiencing major difficulties arising from recent changes in their political and economic systems, particularly Mongolia and the countries of Central Asia</subfield>
  </datafield>
  <datafield tag="650" ind1=" " ind2="0">
    <subfield code="a">Fisheries</subfield>
  </datafield>
  <datafield tag="650" ind1=" " ind2="0">
    <subfield code="a">Fishing</subfield>
  </datafield>
  <datafield tag="650" ind1=" " ind2="0">
    <subfield code="a">Irrigation</subfield>
  </datafield>
  <datafield tag="650" ind1=" " ind2="0">
    <subfield code="a">Sustainable development</subfield>
  </datafield>
  <datafield tag="700" ind1="1" ind2=" ">
    <subfield code="a">Petr, T</subfield>
  </datafield>
  <datafield tag="710" ind1="2" ind2=" ">
    <subfield code="a">Food and Agriculture Organization of the United Nations</subfield>
  </datafield>
  <datafield tag="942" ind1=" " ind2=" ">
    <subfield code="c">EK</subfield>
  </datafield>
  <datafield tag="999" ind1=" " ind2=" ">
    <subfield code="c">15715</subfield>
    <subfield code="d">15715</subfield>
  </datafield>
</record>
